00389nam a22001457a 4500003000400000005001700004008004100021020001800062082001700080100001900097245005600116260003700172300001800209653001600227OSt20250527152203.0250527b |||||||| |||| 00| 0 eng d a9788131612576 a361.32bD26S aDas, D. K. Lal aSocial work intervention researchcby D. K. Lal Das aJaipurbRawat publicationsc2022 ax, 338p. bHB aSocial work